Subjects for which various ministries and departments of India are responsible (Record no. 397753)
[ view plain ]
| 000 -LEADER | |
|---|---|
| fixed length control field | 00430cam a22001097a 4500 |
| 008 - FIXED-LENGTH DATA ELEMENTS--GENERAL INFORMATION | |
| fixed length control field | 180718b-- xxu||||| |||| 00| 0 eng d |
| 082 ## - DEWEY DECIMAL CLASSIFICATION NUMBER | |
| Classification number | G55x54 L |
| 245 ## - TITLE STATEMENT | |
| Title | Subjects for which various ministries and departments of India are responsible |
| Statement of responsibility, etc. | by Lok Sabha Secretariat |
| 260 ## - PUBLICATION, DISTRIBUTION, ETC. | |
| Place of publication, distribution, etc. | New Delhi |
| Name of publisher, distributor, etc. | Lok Sabha Secretariat |
| Date of publication, distribution, etc. | -- |
| 500 ## - GENERAL NOTE | |
| General note | Library has 1955, 1958-1959, 1962, 1964-1965, 1971, 1977, 1982 |
| 700 ## - ADDED ENTRY--PERSONAL NAME | |
| Personal name | India. Lok Sabha Secretariat |
| Withdrawn status | Lost status | Damaged status | Not for loan | Permanent Location | Current Location | Date acquired | Full call number | Barcode | Date last seen | Price effective from | Koha item type |
|---|---|---|---|---|---|---|---|---|---|---|---|
| Indian Institute of Public Administration | Indian Institute of Public Administration | 2002-05-14 | G55x54 L | 22758 | 2018-07-21 | 2018-07-21 | Book | ||||
| Indian Institute of Public Administration | Indian Institute of Public Administration | 2001-07-10 | G55x54 L | 12987 | 2018-07-21 | 2018-07-21 | Book | ||||
| Indian Institute of Public Administration | Indian Institute of Public Administration | 2002-05-14 | G55x54 L | 3728 | 2018-07-21 | 2018-07-21 | Book |
